| 000 | 00808cam a2200229 4500 | ||
|---|---|---|---|
| 001 | WB3728-28 | ||
| 008 | 010717n2001 000 0 eng u | ||
| 035 | _a(Sirsi) u113668 | ||
| 245 | _aTimetable for opening countryside | ||
| 260 | _c2001 | ||
| 490 |
_aDTLR News Release _v(46/01) 11 July 2001, (2) |
||
| 520 | _aAlun Michael, Minister of State for Rural Affairs, has launched the DTLR's timetable for opening up access to the countryside, implementing the policy set out in Countryside and Rights of Way Act 2000 Part I. | ||
| 590 | _aWB | ||
| 650 | _aCOUNTRYSIDE AND RIGHTS OF WAY ACT 2000 | ||
| 650 | _aGOVERNMENT POLICY | ||
| 650 | _aRIGHTS OF WAY | ||
| 650 | _aPUBLIC ACCESS | ||
| 650 | _aACCESS TO THE COUNTRYSIDE | ||
| 650 | _aOPEN COUNTRYSIDE | ||
| 690 |
_aRural _96268 |
||
| 942 | _n0 | ||
| 999 |
_c67732 _d67732 |
||